Dám thất bại = Dare to fail
Nội dung quyển sách đề cập đến một mặt khác của câu chuyện thành công. Đó là một phương diện chúng ta cần thực sự học hỏi. Đối với những ai đã từng cố gắng và đã từng thất bại.
में बचाया:
| मुख्य लेखक: | |
|---|---|
| स्वरूप: | पुस्तक |
| भाषा: | Undetermined |
| प्रकाशित: |
Thành phố Hồ Chí Minh
Trẻ
2007
|
| विषय: | |
| टैग : |
टैग जोड़ें
कोई टैग नहीं, इस रिकॉर्ड को टैग करने वाले पहले व्यक्ति बनें!
|
| Thư viện lưu trữ: | Trung tâm Học liệu Trường Đại học Cần Thơ |
|---|
| LEADER | 00920nam a2200217Ia 4500 | ||
|---|---|---|---|
| 001 | CTU_101297 | ||
| 008 | 210402s9999 xx 000 0 und d | ||
| 020 | |c 30000 | ||
| 082 | |a 158.1 | ||
| 082 | |b L732 | ||
| 100 | |a Lim, Billi P. S. | ||
| 245 | 0 | |a Dám thất bại = | |
| 245 | 0 | |b Dare to fail | |
| 245 | 0 | |c Billi P. S. Lim; Trần Hạo Nhiên biên dịch | |
| 260 | |a Thành phố Hồ Chí Minh | ||
| 260 | |b Trẻ | ||
| 260 | |c 2007 | ||
| 520 | |a Nội dung quyển sách đề cập đến một mặt khác của câu chuyện thành công. Đó là một phương diện chúng ta cần thực sự học hỏi. Đối với những ai đã từng cố gắng và đã từng thất bại. | ||
| 650 | |a Psychology, applied,Tâm lý học ứng dụng | ||
| 904 | |i Minh | ||
| 980 | |a Trung tâm Học liệu Trường Đại học Cần Thơ | ||